[Event "Championnat de Paris Open A"]
[Site "Paris"]
[Date "2012.07.12"]
[Round "6.9"]
[White "Larrat, Philippe"]
[Black "Ben Khelifa, Noomene"]
[Result "1-0"]
[WhiteElo "2230"]
[BlackElo "2081"]
[PlyCount "83"]
[EventDate "2012.??.??"]

1. e4 c5 2. c3 b6 3. d4 Bb7 4. Bd3 Nf6 5. Nd2 cxd4 6. cxd4 Nc6 7. Ne2 Rc8 8. a3
e6 9. O-O Be7 10. b4 d6 11. f4 O-O 12. Kh1 Ng4 13. Nf3 Bh4 14. g3 Be7 15. h3
Nf6 16. Nd2 Ne8 17. Kh2 Bf6 18. Nf3 e5 19. fxe5 dxe5 20. d5 Nb8 21. g4 g6 22.
Bh6 Bg7 23. Bg5 Qd6 24. Rc1 Nf6 25. Nc3 a6 26. Bh4 Nbd7 27. Nd2 Rxc3 28. Rxc3
Nxd5 29. Nc4 Qb8 30. exd5 b5 31. Bg3 bxc4 32. Bxc4 f5 33. Bb3 f4 34. Bf2 e4 35.
d6+ Kh8 36. Rc7 Be5 37. Bd4 Qe8 38. Rxd7 f3+ 39. Kh1 e3 40. Rxb7 e2 41. Qxe2
Bxd4 42. Qxe8 1-0

[Event "Championnat de Paris Open A"]
[Site "Paris"]
[Date "2012.07.12"]
[Round "6.10"]
[White "Hanchour, Baroudi"]
[Black "Ferry, Roger"]
[Result "1-0"]
[WhiteElo "2180"]
[BlackElo "2062"]
[PlyCount "87"]
[EventDate "2012.??.??"]

1. e4 e6 2. d4 d5 3. Nc3 Bb4 4. exd5 exd5 5. Bd3 Nf6 6. Bg5 h6 7. Qe2+ Be6 8.
Bd2 Nc6 9. Nf3 Qe7 10. a3 Ba5 11. h3 Bb6 12. Be3 Ba5 13. b4 Bb6 14. Na4 Bd7 15.
Nc5 Bxc5 16. bxc5 Be6 17. O-O g5 18. Bb5 Bd7 19. Bxc6 Bxc6 20. Ne5 Ba4 21. Rae1
c6 22. Ng4 O-O-O 23. Ne5 Bb5 24. Qf3 Rhf8 25. a4 Ba6 26. Bd2 Ne4 27. Ba5 Rde8
28. c4 Qf6 29. cxd5 cxd5 30. Ng4 Qxf3 31. gxf3 h5 32. Ne5 Nf6 33. c6 bxc6 34.
Rc1 Bb7 35. Nxc6 Bxc6 36. Rxc6+ Kd7 37. Rxf6 Rc8 38. Bb4 Rg8 39. Rxf7+ Ke6 40.
Re7+ Kf6 41. Rfe1 Rc4 42. R1e6+ Kf5 43. Rh6 Rxb4 44. Rf7# 1-0

[Event "Championnat de Paris Open A"]
[Site "Paris"]
[Date "2012.07.12"]
[Round "6.11"]
[White "Lebrun, Xavier"]
[Black "Gros, Alexandre"]
[Result "1-0"]
[WhiteElo "2172"]
[BlackElo "1988"]
[PlyCount "53"]
[EventDate "2012.??.??"]

1. e4 c5 2. Nf3 Nc6 3. Bb5 e6 4. O-O Nge7 5. c3 a6 6. Ba4 b5 7. Bc2 Bb7 8. a4
b4 9. d4 cxd4 10. cxd4 d5 11. e5 Na5 12. Nbd2 Ng6 13. Re1 Be7 14. Nf1 O-O 15.
Ng3 Qb6 16. h4 b3 17. Bd3 Nc4 18. h5 Nh4 19. Nxh4 Bxh4 20. Qg4 Bxg3 21. Qxg3 f5
22. exf6 Rxf6 23. Bg5 Rf7 24. Qg4 Re8 25. Bg6 hxg6 26. hxg6 Rf5 27. Qxf5 1-0

[Event "Championnat de Paris Open A"]
[Site "Paris"]
[Date "2012.07.12"]
[Round "6.12"]
[White "Come, Alexandre"]
[Black "Le Fournier, Bastien"]
[Result "1-0"]
[WhiteElo "2204"]
[BlackElo "1932"]
[PlyCount "45"]
[EventDate "2012.??.??"]

1. e4 c5 2. Nc3 Nc6 3. Bb5 Nd4 4. Bc4 e6 5. Nge2 Ne7 6. O-O Nec6 7. a3 Be7 8.
d3 O-O 9. f4 Rb8 10. Ba2 b5 11. Nxd4 cxd4 12. Ne2 d5 13. exd5 exd5 14. f5 Bd6
15. f6 Bg4 16. Qd2 gxf6 17. Nf4 Ne7 18. h3 Bxf4 19. Qxf4 Be6 20. Kh1 Nf5 21.
Qg4+ Kh8 22. Rxf5 Qc8 23. Qxd4 1-0

[Event "Championnat de Paris Open A"]
[Site "Paris"]
[Date "2012.07.12"]
[Round "6.13"]
[White "Dicko, Henri"]
[Black "Baron, Thierry"]
[Result "0-1"]
[WhiteElo "2121"]
[BlackElo "2274"]
[PlyCount "120"]
[EventDate "2012.??.??"]

1. d4 Nf6 2. c4 g6 3. Nc3 d5 4. cxd5 Nxd5 5. Bd2 Nb6 6. Bf4 Bg7 7. e3 O-O 8.
Nf3 Nc6 9. Rc1 Bf5 10. Bb5 Nb8 11. O-O c6 12. Be2 Nd5 13. Bg3 Be6 14. Na4 Bc8
15. Qb3 Nd7 16. Rfd1 N7f6 17. Nc5 Qb6 18. Qc2 Bh6 19. Nd2 Qd8 20. Bf3 Bxe3 21.
fxe3 Nxe3 22. Qc3 Nxd1 23. Rxd1 Nd5 24. Qb3 b6 25. Nce4 Be6 26. Ng5 Bf5 27.
Bxd5 Qxd5 28. Ngf3 Qxb3 29. Nxb3 f6 30. Be1 Rfd8 31. Rc1 Rac8 32. Bb4 Kf7 33.
Re1 Rd7 34. h3 a5 35. Ba3 Be6 36. Re3 Bd5 37. Nc1 c5 38. dxc5 Bxf3 39. Rxf3
Rd1+ 40. Rf1 Rxf1+ 41. Kxf1 bxc5 42. Nb3 c4 43. Nxa5 c3 44. bxc3 Rxc3 45. Bb4
Rc1+ 46. Be1 Ra1 47. Nc6 Rxa2 48. Nd8+ Ke8 49. Ne6 Rc2 50. g4 Rc6 51. Nf4 Kf7
52. Ke2 Rc2+ 53. Bd2 e5 54. Nd5 Ke6 55. Ne3 Ra2 56. h4 f5 57. h5 f4 58. Nd1
gxh5 59. gxh5 Kf5 60. Nc3 f3+ 0-1

[Event "Championnat de Paris Open A"]
[Site "Paris"]
[Date "2012.07.12"]
[Round "6.14"]
[White "Bilquez, Romain"]
[Black "Fedoryshyn, Ievgenii"]
[Result "1/2-1/2"]
[WhiteElo "2092"]
[BlackElo "2188"]
[PlyCount "39"]
[EventDate "2012.??.??"]

1. e4 e6 2. d4 d5 3. Nc3 dxe4 4. Nxe4 Bd7 5. Nf3 Bc6 6. Bd3 Nd7 7. O-O Ngf6 8.
Re1 Be7 9. Qe2 O-O 10. Nxf6+ Bxf6 11. Bf4 Nb6 12. Rad1 Nd5 13. Bd2 b5 14. Ne5
Bxe5 15. dxe5 Qh4 16. Be4 a6 17. g3 Qh3 18. Bg2 Qxg2+ 19. Kxg2 Nf4+ 20. Kf1
1/2-1/2

[Event "Championnat de Paris Open A"]
[Site "Paris"]
[Date "2012.07.12"]
[Round "6.15"]
[White "Kouptsov, Vladimir"]
[Black "Mirimanian, Haik"]
[Result "1-0"]
[WhiteElo "2188"]
[BlackElo "2048"]
[PlyCount "95"]
[EventDate "2012.??.??"]

1. d4 d6 2. e4 g6 3. Nc3 Bg7 4. Be3 e5 5. dxe5 Bxe5 6. Nf3 Bg7 7. Qd2 Nc6 8.
Bc4 Be6 9. Bb3 Nf6 10. h3 Bxb3 11. axb3 Qe7 12. O-O O-O 13. Ra4 Rfe8 14. Bh6
Qd7 15. Qg5 Bh8 16. Qh4 a6 17. Bg5 Qe6 18. Rc4 Nd7 19. Nd5 Rac8 20. Nf4 Qxc4
21. bxc4 Rxe4 22. Qg4 f5 23. Qg3 Nd4 24. Nxd4 Bxd4 25. Nd3 Rce8 26. c3 Bg7 27.
Be3 Rxc4 28. Qf3 Rce4 29. Qd1 b6 30. Re1 Ne5 31. Nxe5 R4xe5 32. Bd2 Rxe1+ 33.
Bxe1 a5 34. Kf1 Bf6 35. Bd2 Kg7 36. g4 fxg4 37. hxg4 g5 38. Qa4 Re7 39. Qc4 h6
40. Be3 Rf7 41. Ke2 Be5 42. Kd3 Re7 43. Qc6 Kf7 44. Qe4 Kg7 45. f4 gxf4 46.
Bxf4 Bf6 47. Qf5 Rf7 48. Qh5 1-0

[Event "Championnat de Paris Open A"]
[Site "Paris"]
[Date "2012.07.12"]
[Round "6.16"]
[White "Masset, Jacques"]
[Black "Castro, John"]
[Result "1-0"]
[WhiteElo "2031"]
[BlackElo "2183"]
[PlyCount "65"]
[EventDate "2012.??.??"]

1. d4 Nf6 2. c4 g6 3. Nc3 Bg7 4. e4 d6 5. Nf3 O-O 6. Be2 e5 7. dxe5 dxe5 8.
Qxd8 Rxd8 9. Bg5 c6 10. Nxe5 Re8 11. O-O-O Na6 12. Rd6 Be6 13. f4 Nc5 14. Bf3
h6 15. Bh4 g5 16. Bf2 g4 17. Bxc5 gxf3 18. Rd3 fxg2 19. Rg1 Nh5 20. Be3 Bxe5
21. fxe5 Bxc4 22. Rxg2+ Kh7 23. Rd7 b6 24. Rd6 Re6 25. b3 Rxd6 26. exd6 Be6 27.
Rf2 f6 28. Bd4 Kg6 29. Ne2 c5 30. Bxf6 Nxf6 31. Nf4+ Kh7 32. Nxe6 Nxe4 33. Rf8
1-0

[Event "Championnat de Paris Open A"]
[Site "Paris"]
[Date "2012.07.12"]
[Round "6.17"]
[White "Mezioud, Rimel"]
[Black "Aurel, Luc"]
[Result "1/2-1/2"]
[WhiteElo "2034"]
[BlackElo "2175"]
[PlyCount "156"]
[EventDate "2012.??.??"]

1. e4 d6 2. d4 g6 3. c3 Nf6 4. Nd2 e5 5. Ngf3 Nbd7 6. Bd3 Bg7 7. O-O O-O 8. Re1
h6 9. Nc4 exd4 10. cxd4 d5 11. e5 dxc4 12. exf6 Qxf6 13. Bxc4 Nb6 14. Bb3 Bg4
15. Re3 c6 16. h3 Bxf3 17. Rxf3 Qd6 18. Be3 Nd5 19. Qd2 Kh7 20. Rd1 Qd7 21. h4
h5 22. Bc2 f5 23. a3 Rae8 24. Qd3 Bf6 25. g3 Re7 26. Bc1 Qe6 27. Bb3 Qe4 28.
Bxd5 Qxd5 29. Re3 Rfe8 30. Rxe7+ Rxe7 31. Be3 Rd7 32. Qd2 Qf3 33. Qd3 Bd8 34.
Rd2 Bb6 35. Qc4 Qd5 36. b3 Bd8 37. Qxd5 Rxd5 38. Kf1 Be7 39. a4 Kg7 40. Ke2 Kf7
41. Kd3 Ke6 42. Re2 Kd7 43. Kc4 a6 44. b4 Rd6 45. b5 axb5+ 46. axb5 Bf6 47.
bxc6+ Kxc6 48. Rb2 Bd8 49. Bf4 Rd7 50. Rb3 b6 51. Be3 Rd5 52. Ra3 b5+ 53. Kd3
Bb6 54. Ra8 Rd8 55. Ra2 Rd7 56. Rc2+ Kb7 57. Ke2 Rd6 58. Rd2 Rd5 59. Kf3 Bd8
60. Bf4 Bf6 61. Be3 b4 62. Ke2 Rb5 63. Kd3 b3 64. Rb2 Kc6 65. Kc4 Be7 66. Rxb3
Rxb3 67. Kxb3 Kd5 68. Kc3 Bf6 69. Kd3 f4 70. Bxf4 Bxd4 71. f3 Bb6 72. Ke2 Bc5
73. Be3 Bd6 74. Kf2 Ke6 75. g4 hxg4 76. fxg4 Be5 77. Kf3 Kf7 78. Ke4 Bb2
1/2-1/2

[Event "Championnat de Paris Open A"]
[Site "Paris"]
[Date "2012.07.12"]
[Round "6.18"]
[White "Zeller, Olivier"]
[Black "Louis, Thibault"]
[Result "0-1"]
[WhiteElo "2013"]
[BlackElo "2151"]
[PlyCount "66"]
[EventDate "2012.??.??"]

1. e4 e6 2. d4 d5 3. Nd2 Nc6 4. Ngf3 Nf6 5. e5 Nd7 6. Bd3 f6 7. O-O fxe5 8.
Nxe5 Ndxe5 9. dxe5 Nxe5 10. Qh5+ Nf7 11. f4 g6 12. Qe2 Bc5+ 13. Kh1 O-O 14. Nf3
Qf6 15. Rb1 Bd6 16. b4 Bd7 17. Bb2 Qe7 18. g3 Rae8 19. Bxg6 hxg6 20. Qd3 Kh7
21. h4 e5 22. h5 Bf5 23. hxg6+ Kxg6 24. Qxd5 Rh8+ 25. Kg1 c6 26. Qc4 Bxb4 27.
Nxe5+ Nxe5 28. Bxe5 Qc5+ 29. Qd4 Rxe5 30. Rxb4 Qxd4+ 31. Rxd4 Re2 32. Rd6+ Kf7
33. Rb1 b6 0-1

[Event "Championnat de Paris Open A"]
[Site "Paris"]
[Date "2012.07.12"]
[Round "6.19"]
[White "Carre, Sylvain"]
[Black "Dagonia, Steve"]
[Result "1-0"]
[WhiteElo "2150"]
[BlackElo "1906"]
[PlyCount "75"]
[EventDate "2012.??.??"]

1. d4 d5 2. Bf4 c5 3. e3 Nc6 4. c3 Nf6 5. Nf3 Qb6 6. Qb3 c4 7. Qc2 Ne4 8. Nbd2
Bf5 9. Qc1 h6 10. Nxe4 Bxe4 11. Nd2 Bh7 12. e4 e6 13. Be2 Qd8 14. O-O Bd6 15.
Bxd6 Qxd6 16. exd5 exd5 17. Re1 O-O 18. Nf1 Rfe8 19. Bf3 b5 20. Ne3 Be4 21. Qd1
b4 22. Nxc4 Qc7 23. Ne3 bxc3 24. bxc3 Qa5 25. Bxe4 Rxe4 26. Qb3 Rae8 27. Red1
Rxe3 28. fxe3 Rxe3 29. Rac1 Re2 30. a4 a6 31. Re1 Re6 32. Rxe6 fxe6 33. Qb7
Qxa4 34. Qc8+ Kh7 35. Qxe6 Qa3 36. Re1 Nd8 37. Qf5+ g6 38. Qd7+ 1-0

[Event "Championnat de Paris Open A"]
[Site "Paris"]
[Date "2012.07.12"]
[Round "6.20"]
[White "Quach, Charlie"]
[Black "Caille, Vincent"]
[Result "0-1"]
[WhiteElo "2141"]
[BlackElo "1903"]
[PlyCount "76"]
[EventDate "2012.??.??"]

1. d4 Nf6 2. c4 c5 3. d5 b5 4. Nf3 g6 5. cxb5 a6 6. b6 Qxb6 7. Nc3 d6 8. Nd2
Bg7 9. e4 Nbd7 10. a4 O-O 11. a5 Qa7 12. Nc4 Rb8 13. f4 Ne8 14. Bd3 Nc7 15. O-O
Nb5 16. Na4 Nd4 17. Nab6 f5 18. exf5 Nxf5 19. Bxf5 Rxf5 20. Ra3 Rf7 21. Be3 Nf6
22. Nxc8 Rxc8 23. f5 Qb7 24. Rd3 Rcf8 25. fxg6 hxg6 26. Bg5 Ne4 27. Rxf7 Rxf7
28. Be3 Qb4 29. b3 Nc3 30. Qc2 Nxd5 {=} 31. Bd2 Qb7 32. Rg3 Nf6 33. Rxg6 Qd5
34. h3 Ne4 35. Bh6 Qd4+ 36. Be3 Qa1+ 37. Kh2 d5 38. Nb6 Rf1 0-1

[Event "Championnat de Paris Open A"]
[Site "Paris"]
[Date "2012.07.12"]
[Round "6.21"]
[White "Valenti, Richard"]
[Black "Poelstra, Ben"]
[Result "1/2-1/2"]
[WhiteElo "2149"]
[BlackElo "2041"]
[PlyCount "53"]
[EventDate "2012.??.??"]

1. e4 e5 2. Nc3 Nf6 3. f4 d5 4. fxe5 Nxe4 5. Nf3 Be7 6. Qe2 Nxc3 7. dxc3 Be6 8.
Bf4 c6 9. O-O-O Qa5 10. a3 Nd7 11. Nd4 Nc5 12. Qe3 O-O 13. Bd3 Nxd3+ 14. Qxd3
c5 15. Nf5 Bxf5 16. Qxf5 Rad8 17. Rd3 Qb6 18. Rhd1 Qe6 19. Qh3 Rd7 20. Rg3 Qxh3
21. Rxh3 Re8 22. Rhd3 Red8 23. c4 d4 24. c3 Kf8 25. Be3 Ke8 26. cxd4 cxd4 27.
Bg1 1/2-1/2

[Event "Championnat de Paris Open A"]
[Site "Paris"]
[Date "2012.07.12"]
[Round "6.22"]
[White "Smati, Reda"]
[Black "Rakem, Zine-Eddine"]
[Result "0-1"]
[WhiteElo "2049"]
[BlackElo "2139"]
[PlyCount "104"]
[EventDate "2012.??.??"]

1. e4 c5 2. Nf3 e6 3. d4 cxd4 4. Nxd4 a6 5. Bd3 Qc7 6. O-O Nc6 7. Nxc6 bxc6 8.
c4 e5 9. Be3 d6 10. Nc3 Nf6 11. h3 Be7 12. Rc1 O-O 13. Qe2 h6 14. f4 exf4 15.
Bxf4 Nd7 16. Kh1 Ne5 17. Qe3 Ng6 18. Rc2 Nxf4 19. Qxf4 Bf6 20. Be2 Qe7 21. Bg4
Be5 22. Qf3 Be6 23. Qe2 Qh4 24. Qf3 Bxc4 25. Ne2 Bb5 26. Ra1 c5 27. Nc3 Bc6 28.
Bf5 g6 29. Qg4 Qf6 30. Rf1 h5 31. Qd1 Qh4 32. g3 Bxg3 33. Qf3 Be5 34. Nd5 Bxd5
35. exd5 Rab8 36. Rg2 Rb4 37. Bxg6 Rf4 38. Bf5+ Kh8 39. Qd3 Rxf1+ 40. Qxf1 Rg8
41. Qc1 Qf6 42. Qf1 Rxg2 43. Kxg2 Bxb2 44. Qf3 Qg5+ 45. Kf1 a5 46. Qe4 Be5 47.
Qb1 Kg7 48. Bd7 Qf4+ 49. Ke2 Qh2+ 50. Kd3 Qg3+ 51. Ke2 Qg2+ 52. Ke3 Bd4+ 0-1

[Event "Championnat de Paris Open A"]
[Site "Paris"]
[Date "2012.07.12"]
[Round "6.23"]
[White "Lambert, Romain"]
[Black "Guerlach, Frederic"]
[Result "1-0"]
[WhiteElo "2138"]
[BlackElo "2038"]
[PlyCount "37"]
[EventDate "2012.??.??"]

1. d4 d5 2. c4 dxc4 3. Nf3 a6 4. a4 Nc6 5. e3 Na5 6. Nbd2 b5 7. axb5 axb5 8. b4
cxb3 9. Bxb5+ Bd7 10. Bxd7+ Qxd7 11. Ne5 Qd5 12. Nxb3 e6 13. O-O Bb4 14. Nxa5
Rxa5 15. Rxa5 Qxa5 16. Qf3 Nf6 17. Nc6 Qb5 18. Nxb4 O-O 19. Nc6 1-0

[Event "Championnat de Paris Open A"]
[Site "Paris"]
[Date "2012.07.12"]
[Round "6.24"]
[White "Aflalo, Sophie"]
[Black "Gautier, Serge"]
[Result "0-1"]
[WhiteElo "2046"]
[BlackElo "2134"]
[PlyCount "83"]
[EventDate "2012.??.??"]

1. e4 c5 2. Nf3 e6 3. d4 cxd4 4. Nxd4 Nc6 5. Nc3 Qc7 6. Be3 a6 7. Qd2 Nf6 8.
O-O-O Be7 9. f3 O-O 10. g4 b5 11. h4 Bb7 12. Kb1 Ne5 13. Qh2 Rac8 14. h5 b4 15.
Na4 Nxf3 16. Qxc7 Rxc7 17. Bf4 d6 18. Bxd6 Bxd6 19. Nxf3 Bf4 20. Bd3 Nxe4 21.
h6 g6 22. Rhg1 Nf2 23. Rdf1 Nxd3 24. cxd3 Bc6 25. b3 Bb5 26. Nb2 Rd8 27. Rd1
Rc3 28. Nc4 Rcxd3 29. Rxd3 Rxd3 30. Nfe5 Bxc4 31. Nxc4 Bxh6 32. Ne5 Rd2 33. Rc1
Bf4 34. Rc8+ Kg7 35. Nc6 a5 36. Ra8 h5 37. gxh5 gxh5 38. Rxa5 h4 39. Rh5 Bg3
40. Nxb4 f5 41. a4 Rd8 42. a5 0-1

[Event "Championnat de Paris Open A"]
[Site "Paris"]
[Date "2012.07.12"]
[Round "6.25"]
[White "Ternault, Mathieu"]
[Black "Lepot, Simon"]
[Result "1-0"]
[WhiteElo "2130"]
[BlackElo "2037"]
[PlyCount "93"]
[EventDate "2012.??.??"]

1. d4 Nf6 2. c4 g6 3. Nc3 Bg7 4. Nf3 d6 5. Bg5 O-O 6. e3 Nbd7 7. Be2 c6 8. O-O
Qc7 9. Qc2 Re8 10. Rfd1 a5 11. a3 e5 12. d5 Nc5 13. Nd2 a4 14. e4 Nfd7 15. Bg4
Nf6 16. Bxc8 Rexc8 17. Be3 Nfd7 18. Rdc1 Rcb8 19. b4 axb3 20. Nxb3 Na4 21. Nd2
Ndc5 22. Rab1 Nxc3 23. Qxc3 Nd7 24. Rb4 Bf6 25. Qb2 Bd8 26. Rb1 b6 27. Rd1 c5
28. Rb3 Ra4 29. Qc2 Rba8 30. Nb1 Qa7 31. Bc1 Qa6 32. Rb5 Kg7 33. Rd3 h6 34. Rg3
Bh4 35. Bxh6+ Kxh6 36. Rh3 Kg7 37. Rxh4 Ra5 38. Rb3 b5 39. Qc1 bxc4 40. Qh6+
Kf6 41. Rf3+ Ke7 42. Qg7 Rf8 43. Rh7 Qb7 44. Rxf7+ Rxf7 45. Qxf7+ Kd8 46. Qe7+
Kc8 47. Qe8+ 1-0

[Event "Championnat de Paris Open A"]
[Site "Paris"]
[Date "2012.07.12"]
[Round "6.26"]
[White "Jaulin, Marc"]
[Black "Partac, Elena"]
[Result "1/2-1/2"]
[WhiteElo "2046"]
[BlackElo "2129"]
[PlyCount "71"]
[EventDate "2012.??.??"]

1. e4 c5 2. Nf3 Nc6 3. Bb5 g6 4. Bxc6 dxc6 5. d3 Bg7 6. h3 e5 7. Nc3 Qe7 8. Be3
f6 9. Qd2 Be6 10. b3 h5 11. Nh4 Bf7 12. g3 Nh6 13. a4 a5 14. Rd1 b6 15. Ng2 g5
16. f3 Be6 17. g4 hxg4 18. hxg4 O-O-O 19. Bg1 Nf7 20. Rxh8 Nxh8 21. Ne3 Ng6 22.
Nf5 Bxf5 23. exf5 Nf4 24. Ne4 Rh8 25. Qf2 Rh1 26. Kd2 Bf8 27. Bh2 Rxd1+ 28.
Kxd1 Nd5 29. Bg1 Kb7 30. Qh2 Qd7 31. Qd2 Be7 32. Kc1 Nb4 33. Kd1 Qd5 34. Qc3
Qd8 35. Qc4 Nd5 36. Nc3 1/2-1/2

[Event "Championnat de Paris Open A"]
[Site "Paris"]
[Date "2012.07.12"]
[Round "6.27"]
[White "Lam-Roques, Kalvin"]
[Black "Vallepin, Cedric"]
[Result "0-1"]
[WhiteElo "2039"]
[BlackElo "2125"]
[PlyCount "66"]
[EventDate "2012.??.??"]

1. c4 c5 2. Nf3 Nf6 3. g3 Nc6 4. Bg2 d5 5. cxd5 Nxd5 6. Nc3 Nc7 7. O-O e5 8. d3
Be7 9. Nd2 Bd7 10. Nc4 f6 11. a4 Be6 12. Bxc6+ bxc6 13. Na5 Qd7 14. Qc2 Na6 15.
Be3 h5 16. Ne4 h4 17. Nxc5 Nxc5 18. Bxc5 Bh3 19. Rfc1 hxg3 20. fxg3 Bg2 21.
Kxg2 Qh3+ 22. Kf2 Qxh2+ 23. Ke1 Qxg3+ 24. Kd2 Qf4+ 25. Be3 Bb4+ 26. Qc3 Bxc3+
27. Rxc3 Qb4 28. Nc4 Rd8 29. Bxa7 e4 30. d4 c5 31. Nd6+ Rxd6 32. Bxc5 Qxb2+ 33.
Rc2 Rxd4+ 0-1

[Event "Championnat de Paris Open A"]
[Site "Paris"]
[Date "2012.07.12"]
[Round "6.28"]
[White "Herve, Pierre"]
[Black "Ainutdinova, Yekaterina"]
[Result "1/2-1/2"]
[WhiteElo "2109"]
[BlackElo "2036"]
[PlyCount "89"]
[EventDate "2012.??.??"]

1. e4 e5 2. Nf3 Nc6 3. Bb5 a6 4. Ba4 Nf6 5. O-O Be7 6. Re1 b5 7. Bb3 d6 8. c3
O-O 9. a4 Bg4 10. d3 Na5 11. Bc2 b4 12. d4 Nd7 13. h3 Bxf3 14. Qxf3 Bg5 15. Nd2
c5 16. Qg4 cxd4 17. cxd4 exd4 18. f4 Bf6 19. Nf3 Qc7 20. Bd3 Rfe8 21. Bd2 Nc5
22. Rac1 Nab3 23. Bxb4 Nxc1 24. Rxc1 Qb6 25. Bxc5 dxc5 26. e5 Be7 27. f5 Qh6
28. Re1 Bf8 29. Bc4 Ra7 30. Ng5 Bd6 31. e6 fxe6 32. Rxe6 Rxe6 33. Bxe6+ Kf8 34.
h4 Re7 35. Qe4 Re8 36. Qd5 Rd8 37. Qb7 Be7 38. Bd5 Qxh4 39. Ne6+ Ke8 40. Nc7+
Kf8 41. Ne6+ Ke8 42. Qc6+ Rd7 43. Nxg7+ Kf8 44. Ne6+ Ke8 45. Ng7+ 1/2-1/2

[Event "Championnat de Paris Open A"]
[Site "Paris"]
[Date "2012.07.12"]
[Round "6.29"]
[White "Gutmann, Alois"]
[Black "Gidel, Jean-Louis"]
[Result "0-1"]
[WhiteElo "2038"]
[BlackElo "2101"]
[PlyCount "166"]
[EventDate "2012.??.??"]

1. b3 d5 2. Bb2 Bg4 3. d4 Nf6 4. Nd2 e6 5. Ngf3 Nbd7 6. g3 Be7 7. Bg2 O-O 8.
O-O c6 9. Ne1 Bh5 10. Nd3 a5 11. Nf4 Bg6 12. Nxg6 hxg6 13. c4 a4 14. e4 dxe4
15. Nxe4 Nxe4 16. Bxe4 Nf6 17. Bg2 Qa5 18. bxa4 Qxa4 19. Qb3 Ra7 20. Bc3 Rc8
21. Rfb1 b5 22. d5 exd5 23. Bh3 Rb8 24. Be5 Rb6 25. Qe3 Rbb7 26. cxb5 Rxb5 27.
Rxb5 cxb5 28. Rc1 Ra8 29. Rc7 Qa3 30. Bc3 Bd6 31. Rxf7 Kxf7 32. Qe6+ Kf8 33.
Bxf6 gxf6 34. Qxf6+ Ke8 35. Qxg6+ Kd8 36. Qg8+ Kc7 37. Qf7+ Be7 38. Qxd5 Rd8
39. Qxb5 Qc1+ 40. Bf1 Qc5 41. Qe2 Rf8 42. Bh3 Qc1+ 43. Kg2 Qc6+ 44. f3 Bd6 45.
Qd3 Qb6 46. Qc3+ Kb8 47. Be6 Re8 48. Bd7 Rd8 49. Bf5 Bb4 50. Qe5+ Bd6 51. Qc3
Bc7 52. Be4 Qb5 53. Bc6 Qe2+ 54. Kh3 Qe6+ 55. Kg2 Qxa2+ 56. Kh3 Qe6+ 57. Kg2
Qe2+ 58. Kh3 Bb6 59. Be4 Qb5 60. Kh4 Bd4 61. Qa3 Rh8+ 62. Kg4 Qh5+ 63. Kf4 Qh6+
64. Kf5 Qh5+ 65. Ke6 Qe5+ 66. Kd7 Qc7+ 67. Ke6 Rh6+ 68. Kd5 Qd8+ 69. Kc4 Ba7
70. Qb2+ Bb6 71. Qg7 Qc7+ 72. Qxc7+ Kxc7 73. Kd5 Kd7 74. Bf5+ Ke7 75. Ke4 Rxh2
76. Kd5 Kf6 77. Be4 Bf2 78. Kd6 Bxg3+ 79. Kd5 Rd2+ 80. Kc4 Ke5 81. Kc3 Bf4 82.
Kc4 Rd4+ 83. Kc5 Be3 0-1

[Event "Championnat de Paris Open A"]
[Site "Paris"]
[Date "2012.07.12"]
[Round "6.31"]
[White "Levesque, Thomas"]
[Black "Derieux, Christian"]
[Result "0-1"]
[WhiteElo "2086"]
[BlackElo "2027"]
[PlyCount "128"]

1. d4 Nf6 2. c4 c5 3. d5 e6 4. Nc3 exd5 5. cxd5 d6 6. e4 g6 7. Bd3 Bg7 8. f4
O-O 9. Nf3 Bg4 10. O-O Nbd7 11. Be3 Re8 12. h3 Bxf3 13. Qxf3 Rc8 14. Rfe1 c4
15. Bc2 Nc5 16. Kh2 a6 17. a4 Nfd7 18. a5 b5 19. axb6 Qxb6 20. Rab1 Qb4 21. Bd2
Nb3 22. Bxb3 Qxb3 23. g4 Rb8 24. Qg3 Qc2 25. Qg2 Rxb2 26. Rxb2 Qxb2 27. e5 dxe5
28. f5 e4 29. Nxe4 c3 30. Bf4 Qxg2+ 31. Kxg2 Rc8 32. d6 c2 33. Bc1 Be5 34. Kf3
f6 35. Ba3 Kf7 36. fxg6+ hxg6 37. h4 Rb8 38. Bc1 {=} Rb3+ 39. Kg2 Rb1 40. Kf2
Rb6 41. h5 gxh5 42. gxh5 $11 Bxd6 43. Re2 Ne5 44. Ke3 Rb3+ 45. Kf2 Nd3+ 46. Kf1
Be5 47. Rxc2 Rb1 48. Ra2 Rxc1+ 49. Ke2 Nf4+ 50. Kd2 Ra1 51. Rxa1 Bxa1 52. Ng3
Nxh5 53. Nxh5 Be5 54. Nxf6 Kxf6 55. Kd3 Ke6 56. Kc4 Kd6 57. Kb4 Kc6 58. Ka5 Kb7
59. Kb4 Kb6 60. Kc4 a5 61. Kb3 Kb5 62. Ka3 a4 63. Ka2 Kb4 64. Kb1 Kb3 0-1

[Event "Championnat de Paris Open A"]
[Site "Paris"]
[Date "2012.07.12"]
[Round "6.35"]
[White "Martin, Axel"]
[Black "Hoarau, Adrien"]
[Result "1-0"]
[WhiteElo "2066"]
[BlackElo "2019"]
[PlyCount "63"]
[EventDate "2012.??.??"]

1. e4 e6 2. d4 d5 3. exd5 exd5 4. Nf3 Bd6 5. c4 Qe7+ 6. Be2 Bb4+ 7. Nc3 Nf6 8.
O-O Bxc3 9. bxc3 O-O 10. Re1 c6 11. Qb3 Re8 12. Bg5 Nbd7 13. cxd5 cxd5 14. Bb5
Qd6 15. Rxe8+ Nxe8 16. Re1 Nc7 17. c4 f6 18. c5 Qf8 19. Bxd7 fxg5 20. Bxc8 Qxc8
21. Nxg5 Qg4 22. Qxb7 Qxg5 23. Qxc7 Qd2 24. Qe5 Rf8 25. Qxd5+ Kh8 26. Rf1 h6
27. c6 Qc2 28. Qd6 Rf6 29. Qd8+ Kh7 30. d5 Qc5 31. c7 Rf8 32. d6 1-0

[Event "Championnat de Paris Open A"]
[Site "Paris"]
[Date "2012.07.12"]
[Round "6.48"]
[White "Dumas, Charles"]
[Black "Eid, Maha"]
[Result "1/2-1/2"]
[WhiteElo "1967"]
[BlackElo "2051"]
[PlyCount "57"]
[EventDate "2012.??.??"]

1. e4 c5 2. c3 d5 3. exd5 Qxd5 4. d4 Nf6 5. Nf3 e6 6. Be3 cxd4 7. cxd4 Nc6 8.
Nc3 Bb4 9. Bd3 O-O 10. O-O Qh5 11. Qe2 Bd6 12. h3 Nb4 13. Bc4 a6 14. a3 Nbd5
15. Nxd5 Nxd5 16. Rfe1 b5 17. Bd3 Bb7 18. Ng5 Qxe2 19. Rxe2 Nf6 20. f3 Rac8 21.
Ne4 Be7 22. Nc5 Bxc5 23. dxc5 Rfd8 24. Rd2 Nd5 25. Bf2 Nf4 26. Rad1 Nxd3 27.
Rxd3 Rxd3 28. Rxd3 Kf8 29. b4 1/2-1/2

[Event "Championnat de Paris Open A"]
[Site "Paris"]
[Date "2012.07.12"]
[Round "6.50"]
[White "Georgelin, Thierry"]
[Black "Leblic, Mathieu"]
[Result "0-1"]
[WhiteElo "2045"]
[BlackElo "1912"]
[PlyCount "42"]
[EventDate "2012.??.??"]

1. e4 e5 2. Nc3 Nc6 3. Bc4 Nf6 4. d3 Bc5 5. f4 d6 6. Nf3 Bg4 7. h3 Bxf3 8. Qxf3
Nd4 9. Qg3 Qe7 10. fxe5 dxe5 11. Rf1 Nxc2+ 12. Kd1 Nxa1 13. Rf5 O-O-O 14. Bg5
c6 15. a4 Bd4 16. Bh4 Qb4 17. Qxg7 Qxb2 18. Qxf6 Qc2+ 19. Ke1 Bxc3+ 20. Kf1
Qd1+ 21. Kf2 Be1+ 0-1

[Event "Championnat de Paris Open A"]
[Site "Paris"]
[Date "2012.07.12"]
[Round "6.57"]
[White "Larramendy, Pierre"]
[Black "Hassine, Daniel"]
[Result "1-0"]
[WhiteElo "1893"]
[BlackElo "1991"]
[PlyCount "55"]
[EventDate "2012.??.??"]

1. e4 e6 2. d4 d5 3. Nc3 Nf6 4. e5 Nfd7 5. f4 c5 6. dxc5 Nc6 7. a3 g5 8. Nf3
gxf4 9. Bxf4 Bxc5 10. Bd3 Qb6 11. Bg3 a6 12. Na4 Qa5+ 13. c3 Be3 14. b4 Qc7 15.
Qe2 d4 16. cxd4 Bxd4 17. Nxd4 Nxd4 18. Qb2 Nc6 19. Rc1 Ndxe5 20. O-O Rg8 21.
Rxc6 Qxc6 22. Qxe5 Qxa4 23. Bxh7 Rf8 24. Bh4 Qd7 25. Bc2 f5 26. Rd1 Qh7 27.
Rd8+ Kf7 28. Qf6+ 1-0

[Event "Championnat de Paris Open A"]
[Site "Paris"]
[Date "2012.07.12"]
[Round "6.61"]
[White "Hauseux, Philippe"]
[Black "Vignier, Pascal"]
[Result "1-0"]
[WhiteElo "1923"]
[BlackElo "2056"]
[PlyCount "39"]
[EventDate "2012.??.??"]

1. e4 Nf6 2. e5 Nd5 3. d4 d6 4. Nf3 g6 5. Bc4 Nb6 6. Bb3 Bg7 7. e6 fxe6 8. Ng5
d5 9. Qf3 Bf6 10. c3 O-O 11. Qg3 Nc6 12. Bc2 e5 13. Nxh7 Rf7 14. Nxf6+ Rxf6 15.
dxe5 Nxe5 16. O-O Qd6 17. Na3 c6 18. Bg5 Rf7 19. Rae1 Nbd7 20. Re2 1-0

[Event "Championnat de Paris Open A"]
[Site "Paris"]
[Date "2012.07.12"]
[Round "6.64"]
[White "De Balmann, Marc"]
[Black "Gretry, Patrice"]
[Result "1-0"]
[WhiteElo "1908"]
[BlackElo "2016"]
[PlyCount "41"]
[EventDate "2012.??.??"]

1. d4 Nf6 2. c4 c5 3. d5 d6 4. Nc3 g6 5. e4 Bg7 6. Be2 O-O 7. Nf3 e6 8. O-O Na6
9. Nd2 Nc7 10. f4 exd5 11. cxd5 a6 12. a4 b6 13. Nc4 Rb8 14. Bf3 Re8 15. Re1 b5
16. axb5 axb5 17. Na5 Bb7 18. e5 Nd7 19. exd6 Rxe1+ 20. Qxe1 Ne8 21. Nc6 1-0